ARRUPE JESUIT UNIVERSITY

CORONAVIRUS -STOP THE SPREAD - CLEAN,DISINFECT,COVER

Six plays (Record no. 122455)

MARC details
000 -LEADER
fixed length control field 00508nam a22001457a 4500
008 - FIXED-LENGTH DATA ELEMENTS--GENERAL INFORMATION
fixed length control field 150313b xxu||||| |||| 00| 0 eng d
050 ## - LIBRARY OF CONGRESS CALL NUMBER
Classification number PR1263.W562
100 ## - MAIN ENTRY--PERSONAL NAME
Personal name Wheeleer, C.B.
9 (RLIN) 16385
245 ## - TITLE STATEMENT
Title Six plays
Remainder of title by contemporaries of shakespeare
Statement of responsibility, etc /by Charles Bickerstreth Wheeler
260 ## - PUBLICATION, DISTRIBUTION, ETC. (IMPRINT)
Place of publication, distribution, etc London
Name of publisher, distributor, etc Oxford university Press
Date of publication, distribution, etc 1915
300 ## - PHYSICAL DESCRIPTION
Extent x,595p. ;
Dimensions 16cm.
440 ## - SERIES STATEMENT/ADDED ENTRY--TITLE
Title The World classics
Number of part/section of a work no,199
9 (RLIN) 16386
650 ## - SUBJECT ADDED ENTRY--TOPICAL TERM
Topical term or geographic name as entry element English drama
General subdivision Early modern and Elizabethan
9 (RLIN) 16387
942 ## - ADDED ENTRY ELEMENTS (KOHA)
Source of classification or shelving scheme Library of Congress Classification
Item type Monograph ( Printed materials)
Holdings
Withdrawn status Lost status Source of classification or shelving scheme Damaged status Not for loan Collection code Home library Current library Shelving location Date acquired Total Checkouts Full call number Barcode Date last seen Price effective from Koha item type
    Library of Congress Classification     Main Collection ARRUPE LIBRARY ARRUPE LIBRARY Main Collection 13/03/2015   PR1263.W562 46500003699 13/03/2015 13/03/2015 Monograph ( Printed materials)

 

Arrupe Library. PO Box MP320 Mt Pleasant, Harare, Zimbabwe
263 242 745411|librarian@aju.ac.zw